000 00330nam a2200121Ia 4500
005 20251222144820.0
008 251222s9999||||xx |||||||||||||| ||spa||
082 _a659.1/S36
100 _aSeijas Mogrovejo, Pedro Alberto
245 0 _aPublicidad y Propaganda
264 _bEscuela de Periodismo Jaime Bausate y Meza
942 _cLIB
999 _c20442
_d20442